<?xml version="1.0" encoding="UTF-8"?>
<collection xmlns:xsi="http://www.w3.org/2001/XMLSchema-instance" xsi:schemaLocation="http://www.loc.gov/MARC21/slim http://www.loc.gov/standards/marcxml/schema/MARC21slim.xsd" xmlns="http://www.loc.gov/MARC21/slim">
 <record>
  <leader>00000cja a22000003i 4500</leader>
  <controlfield tag="001">UP-99796217613162966</controlfield>
  <controlfield tag="003">Buklod</controlfield>
  <controlfield tag="005">20191029155345.0</controlfield>
  <controlfield tag="006">a     r    |||| u|</controlfield>
  <controlfield tag="007">s| u||||||u|u|</controlfield>
  <controlfield tag="008">191029s1991    xx     d|||||||||||||| | </controlfield>
  <datafield tag="035" ind1=" " ind2=" ">
   <subfield code="a">(iLib)UPD-00414267696</subfield>
  </datafield>
  <datafield tag="037" ind1=" " ind2=" ">
   <subfield code="a">Mu-3843cd</subfield>
   <subfield code="b">Gift</subfield>
   <subfield code="c">Php350.00</subfield>
  </datafield>
  <datafield tag="040" ind1=" " ind2=" ">
   <subfield code="a">OCLC</subfield>
   <subfield code="d">DMUS</subfield>
   <subfield code="e">rda</subfield>
  </datafield>
  <datafield tag="041" ind1="1" ind2=" ">
   <subfield code="a">eng</subfield>
  </datafield>
  <datafield tag="090" ind1=" " ind2=" ">
   <subfield code="a">CD 3843</subfield>
  </datafield>
  <datafield tag="100" ind1="1" ind2=" ">
   <subfield code="a">Webern, Anton von</subfield>
   <subfield code="d">1883-1945</subfield>
   <subfield code="e">composer</subfield>
  </datafield>
  <datafield tag="245" ind1="1" ind2="0">
   <subfield code="a">Complete works</subfield>
   <subfield code="h">[sound recording]</subfield>
   <subfield code="b">Das Gesamtwerk, opp.1-31 = L'oeuvre intégrale, opp 1-31 = Le opere complete, opp 1-31</subfield>
   <subfield code="c">Anton Webern.</subfield>
  </datafield>
  <datafield tag="246" ind1="1" ind2="1">
   <subfield code="a">Das Gesamtwerk, opp.1-31</subfield>
  </datafield>
  <datafield tag="246" ind1="1" ind2="1">
   <subfield code="a">L'oeuvre intégrale, opp.1-31</subfield>
  </datafield>
  <datafield tag="246" ind1="1" ind2="1">
   <subfield code="a">Le opere complete, opp 1-31</subfield>
  </datafield>
  <datafield tag="264" ind1=" " ind2="0">
   <subfield code="a">[Place of publication not identified]</subfield>
   <subfield code="b">Sony Classical</subfield>
   <subfield code="c">©1991.</subfield>
  </datafield>
  <datafield tag="300" ind1=" " ind2=" ">
   <subfield code="a">3 sound discs</subfield>
   <subfield code="b">digital</subfield>
   <subfield code="c">4 3/4 in.</subfield>
  </datafield>
  <datafield tag="336" ind1=" " ind2=" ">
   <subfield code="a">performed music</subfield>
   <subfield code="2">rdacontent</subfield>
  </datafield>
  <datafield tag="337" ind1=" " ind2=" ">
   <subfield code="a">audio</subfield>
   <subfield code="2">rdamedia</subfield>
  </datafield>
  <datafield tag="338" ind1=" " ind2=" ">
   <subfield code="a">audiodisc</subfield>
   <subfield code="2">rdacarrier</subfield>
  </datafield>
  <datafield tag="500" ind1=" " ind2=" ">
   <subfield code="a">Program notes in English, German, French, and Spanish (160 pages) inserted in the container.</subfield>
  </datafield>
  <datafield tag="505" ind1="0" ind2=" ">
   <subfield code="a">Passacaglia für Orchester, op. 1 Entflieht auf leichten Kähnen, op. 2 Fünf Lieder, op. 3 Fünf Lieder, op. 4 Fünf Sätze für Streichquartett, op. 5 Sechs Stücke für Orchester, op. 6 Vier Stücke für Violine und Klavier, op. 7 Zwei Lieder, op. 8.; Sechs Bagatellen für Streichquartett, op. 9 Fünf Stücke für Orchester, op. 10 Drei kleine Stücke für Violoncello und Klavier, op. 11 Vier Lieder, op. 12 Vier Lieder, op. 13 Sechs Lieder, op. 14 Fünf geistliche Lieder, op. 15 Fünf Kanons nach lateinischen Texten, op. 16 Drei Volkstexte für Gesang, op. 17 Drei Lieder, op. 18 Zwei Lieder, op. 19 Streichtrio, op. 20.; Symphonie, op. 21 Quartett, op. 22 Drei Gesänge, op. 23 Konzert, op. 24 Drei Lieder, op. 25 Das Augenlicht, op. 26 Variationen für Klavier, op. 27 Streichquartett, op. 28.; Cantata no. 1, op. 29 Variationen für Orchester, op. 30 Cantata no. 2, op. 31 Fünf Sätze für Streichquartett (bearb. für Str.orchester, 1930), op.5 (1909) Bach: Fuge (Ricercata) aus dem &quot;Musikalischen Opfer&quot; für Orchester gesetzt, ohne op (1935) Schubert: Deutsche Tänze, für Orchester ges., op posthume.</subfield>
  </datafield>
  <datafield tag="511" ind1="1" ind2=" ">
   <subfield code="a">Juilliard Sring Quartet; Juilliard Sring Quartet;; Pierre Boulez, director.</subfield>
  </datafield>
  <datafield tag="650" ind1=" " ind2="0">
   <subfield code="a">Operas</subfield>
   <subfield code="v">Excerpts.</subfield>
  </datafield>
  <datafield tag="650" ind1=" " ind2="0">
   <subfield code="a">Songs with orchestra.</subfield>
  </datafield>
  <datafield tag="650" ind1=" " ind2="0">
   <subfield code="a">Orchestral music.</subfield>
  </datafield>
  <datafield tag="650" ind1=" " ind2="0">
   <subfield code="a">Violin and piano music.</subfield>
  </datafield>
  <datafield tag="650" ind1=" " ind2="0">
   <subfield code="a">String quartets.</subfield>
  </datafield>
  <datafield tag="650" ind1=" " ind2="0">
   <subfield code="a">Symphonies (Orchestra).</subfield>
  </datafield>
  <datafield tag="700" ind1="1" ind2=" ">
   <subfield code="a">Boulez, Pierre</subfield>
   <subfield code="d">1925-2016</subfield>
   <subfield code="e">conductor.</subfield>
  </datafield>
  <datafield tag="710" ind1="2" ind2=" ">
   <subfield code="a">Juilliard Sring Quartet.</subfield>
  </datafield>
  <datafield tag="710" ind1="2" ind2=" ">
   <subfield code="a">Juilliard Sring Quartet.</subfield>
  </datafield>
  <datafield tag="905" ind1=" " ind2=" ">
   <subfield code="a">FO</subfield>
  </datafield>
  <datafield tag="852" ind1="0" ind2=" ">
   <subfield code="a">UPD</subfield>
   <subfield code="b">DMUS</subfield>
   <subfield code="h">CD 3843</subfield>
  </datafield>
  <datafield tag="942" ind1=" " ind2=" ">
   <subfield code="a">Music</subfield>
  </datafield>
 </record>
</collection>
